Welcome to the Holygrace Academy Library

Please use search bar below to get started

CP DIGEST ENGLISH (CORE) (Record no. 590)

MARC details
000 -LEADER
fixed length control field 00264nam a22001097a 4500
082 ## - DEWEY DECIMAL CLASSIFICATION NUMBER
Classification number 425
Item number GUP/E
100 ## - MAIN ENTRY--AUTHOR NAME
Personal name P.S.GUPTA
245 ## - TITLE STATEMENT
Title CP DIGEST ENGLISH (CORE)
Remainder of title CLASS XII
260 ## - PUBLICATION, DISTRIBUTION, ETC. (IMPRINT)
Place of publication DELHI
Name of publisher CONVENT PUBLICATIONS
650 ## - SUBJECT ADDED ENTRY--TOPICAL TERM
Topical Term ENGLISH FOR CLASS XII
Geographic subdivision INDIA
942 ## - ADDED ENTRY ELEMENTS (KOHA)
Koha item type Books
Holdings
Withdrawn status Lost status Collection code Home library Current library Shelving location Date acquired Source of acquisition Cost, normal purchase price Full call number Accession Number Koha item type
    Reference Main Library Main Library   16/06/2011 purchase 230.00 425 GUP/E 05930 Books